[Event "Tourn. n8546"]
[Site "www.chess-mail.com"]
[Date "2016.01.27"]
[Round "1"]
[White "Manolinex"]
[Black "Yangqi"]
[WhiteElo "2890"]
[BlackElo "2610"]
[Result "1-0"]
[Round "1"]
1.g3 f5
2.Ng1f3 Ng8f6
3.d4 e6
4.Bf1g2 d5
5.O-O Bf8d6
6.c4 c6
7.Nb1c3 O-O
8.Qd1c2 Qd8e8
9.a3 b5
10.c5 Bd6c7
11.Bc1f4 Bc7xf4
12.gxf4 a5
13.Nc3a2 Bc8d7
14.Na2c1 Qe8h5
15.Nc1d3 Bd7e8
16.e3 Nb8d7
17.Nd3e5 Nd7xe5
18.dxe5 Nf6g4
19.h3 Ng4h6
20.b4 a4
21.Nf3d4 Be8d7
22.Qc2d1 Qh5h4
23.Qd1f3 Nh6f7
24.Qf3g3 Qh4xg3
25.fxg3 g5
26.Bg2f3 Kg7
27.Bf3h5 gxf4
28.exf4 Nf7h8
29.g4 fxg4
30.hxg4 Nh8f7
31.Ra1e1 Rf8g8
32.Kh2 Ra8f8
33.Kg3 Kh8
34.Kh4 h6
35.f5 Nf7g5
36.fxe6 Ng5xe6
37.Nd4xe6 Bd7xe6
38.Rf1f6 { resign }
1-0

[Event "Tourn. n8508"]
[Site "www.chess-mail.com"]
[Date "2016.01.27"]
[Round "1"]
[White "Cheminet"]
[Black "Azulmarino"]
[WhiteElo "1770"]
[BlackElo "1710"]
[Result "1-0"]
[Round "1"]
1.d4 d5
2.c4 c6
3.Nb1c3 Bc8f5
4.e3 e6
5.Ng1f3 h6
6.Bf1d3 Bf5g4
7.e4 Bf8b4
8.a3 Bb4d6
9.cxd5 exd5
10.exd5 c5
11.dxc5 Bd6xc5
12.Qd1a4 Bg4d7
13.Qa4e4 Qd8e7
14.O-O Ng8f6
15.Qe4xe7 Bc5xe7
16.Rf1e1 Kd8
17.Nf3e5 Bd7e8
18.Bc1f4 Be7d6
19.Ne5xf7 Be8xf7
20.Bf4xd6 Nb8d7
21.Bd6e7 Kc8
22.Ra1c1 Kb8
23.Be7d6 Kc8
24.Nc3b5 Kd8
25.Bd6e7 Ke8
26.Nb5c7 { resign }
1-0

[Event "Tourn. n8540"]
[Site "www.chess-mail.com"]
[Date "2016.01.27"]
[Round "1"]
[White "Cardiff"]
[Black "Neo"]
[WhiteElo "1940"]
[BlackElo "1850"]
[Result "1-0"]
[Round "1"]
1.e4 e5
2.Ng1f3 d6
3.d4 f6
4.dxe5 fxe5
5.Bf1c4 Ng8f6
6.Nb1c3 b6
7.O-O Bc8b7
8.Rf1e1 Qd8e7
9.Bc1g5 h6
10.Bg5xf6 Qe7xf6
11.Nc3d5 Qf6d8
12.Nf3xe5 dxe5
13.Qd1h5 Kd7
14.Ra1d1 Bf8d6
15.Qh5f5 Kc6
16.a4 Bb7a6
17.Nd5b4 Bd6xb4
18.Rd1xd8 Rh8xd8
19.Bc4d5 Rd8xd5
20.exd5 Kd6
21.Qf5xe5 Kd7
22.Qe5e6 Kd8
23.Qe6e8 
1-0

[Event "Tourn. n8576"]
[Site "www.chess-mail.com"]
[Date "2016.01.27"]
[Round "1"]
[White "Tonino1"]
[Black "Robert66"]
[WhiteElo "2070"]
[BlackElo "2060"]
[Result "1-0"]
[Round "1"]
1.d4 d5
2.Ng1f3 Ng8f6
3.e3 Nb8c6
4.b3 Bc8g4
5.Bc1b2 e6
6.Nb1d2 Bf8b4
7.c3 Bb4d6
8.Bf1d3 O-O
9.O-O a6
10.h3 Bg4h5
11.g4 Bh5g6
12.Bd3xg6 fxg6
13.c4 dxc4
14.Nd2xc4 Nc6e7
15.Nc4xd6 cxd6
16.Ra1c1 Ra8c8
17.Rc1xc8 Qd8xc8
18.Nf3d2 b5
19.f4 Ne7d5
20.Qd1e1 Qc8c2
21.Bb2a3 Qc2c6
22.e4 Nd5e7
23.e5 dxe5
24.Ba3xe7 { resign }
1-0

[Event "Tourn. n8599"]
[Site "www.chess-mail.com"]
[Date "2016.01.27"]
[Round "1"]
[White "Maredocla"]
[Black "Elogic"]
[WhiteElo "2080"]
[BlackElo "2150"]
[Result "0-1"]
[Round "1"]
1.f4 e6
2.Ng1f3 Bf8c5
3.b3 Nb8c6
4.Bc1b2 f6
5.d4 Bc5b4
6.Bb2c3 Bb4xc3
7.Nb1xc3 Ng8e7
8.e3 d5
9.Bf1d3 b6
10.Qd1d2 Bc8b7
11.Bd3b5 a6
12.Bb5xc6 Bb7xc6
13.O-O-O b5
14.a3 Qd8d6
15.Kb2 a5
16.Nc3e2 Bc6d7
17.g4 h6
18.h4 c5
19.dxc5 Qd6xc5
20.g5 fxg5
21.hxg5 h5
22.Nf3e5 Ne7f5
23.Ne5g6 Rh8h7
24.Ne2d4 Nf5g3
25.Rh1h3 Ng3e4
26.Qd2e2 Ne4c3
27.Qe2d3 Nc3xd1
28.Qd3xd1 O-O-O
29.Qd1d3 e5
30.Nd4xb5 Bd7xb5
31.Ng6e7 Qc5xe7
32.Qd3xh7 exf4
33.exf4 Bb5e8
34.g6 Qe7f6
35.Kb1 Be8xg6
{ resign }
0-1

[Event "Tourn. n8545"]
[Site "www.chess-mail.com"]
[Date "2016.01.27"]
[Round "1"]
[White "Gatrooper"]
[Black "Passaroa25"]
[WhiteElo "1580"]
[BlackElo "1640"]
[Result "1-0"]
[Round "1"]
1.e4 c6
2.d4 d6
3.Ng1f3 e6
4.a3 Ng8h6
5.Bc1xh6 gxh6
6.h3 Bf8g7
7.Nb1c3 Nb8d7
8.Bf1e2 f6
9.d5 e5
10.dxc6 bxc6
11.Qd1xd6 Bc8b7
12.Be2c4 Qd8e7
13.Qd6c7 Nd7b6
14.Qc7xe7 Kxe7
15.Bc4a2 Bb7c8
16.O-O Bc8d7
17.a4 Bd7e6
18.Ba2xe6 Kxe6
19.Nf3h4 Ra8d8
20.a5 Nb6c4
21.Nh4f3 Nc4xb2
22.Ra1b1 Nb2c4
23.a6 Nc4a3
24.Rb1b7 Na3xc2
25.Rb7xg7 Nc2b4
26.Nf3h4 Nb4xa6
27.f4 Na6c5
28.f5 { resign }
1-0

[Event "Tourn. n8541"]
[Site "www.chess-mail.com"]
[Date "2016.01.27"]
[Round "1"]
[White "Genius7"]
[Black "Guidom"]
[WhiteElo "2180"]
[BlackElo "2090"]
[Result "1/2-1/2"]
[Round "1"]
1.d4 d5
2.c4 dxc4
3.e4 e5
4.d5 Bf8b4
5.Bc1d2 Bb4xd2
6.Qd1xd2 b5
7.a4 Bc8d7
8.axb5 Bd7xb5
9.Nb1c3 Qd8d7
10.Ng1f3 f6
11.Nc3xb5 Qd7xb5
12.Ra1a5 Qb5b3
13.Ra5a3 Qb3b5
14.Ra3a5 Qb5b3
15.Ra5a3 Qb3b5
16.Ra3a5 Qb5b3
17.Ra5a3 { draw }
1/2-1/2

[Event "Tourn. n8559"]
[Site "www.chess-mail.com"]
[Date "2016.01.27"]
[Round "1"]
[White "Chesspower"]
[Black "Gatrooper"]
[WhiteElo "1720"]
[BlackElo "1640"]
[Result "0-1"]
[Round "1"]
1.d4 d5
2.Bc1f4 e6
3.e3 Bf8d6
4.Bf1d3 Bd6xf4
5.exf4 a6
6.Ng1f3 h6
7.Nf3e5 Nb8c6
8.c3 Nc6xe5
9.fxe5 f6
10.Bd3g6 Kf8
11.Qd1f3 Qd8e7
12.O-O Qe7d8
13.exf6 Ng8xf6
 { time }
0-1

[Event "Tourn. n8583"]
[Site "www.chess-mail.com"]
[Date "2016.01.27"]
[Round "1"]
[White "Osopanda"]
[Black "Hundegana"]
[WhiteElo "1980"]
[BlackElo "1900"]
[Result "1-0"]
[Round "1"]
1.d4 d5
2.c4 dxc4
3.e4 b5
4.Nb1c3 a6
5.b3 cxb3
6.axb3 Bc8d7
7.Ng1f3 g6
8.Bf1d3 e6
9.O-O Bf8e7
10.Rf1e1 h5
11.Bc1b2 Ng8f6
12.d5 O-O
13.Nf3g5 Nf6xd5
14.Ng5xf7 Rf8xf7
15.exd5 exd5
16.Nc3xd5 Bd7f5
17.Nd5xe7 Rf7xe7
18.Bd3c4 bxc4
19.Qd1xd8 { resign }
1-0

[Event "Tourn. n8388"]
[Site "www.chess-mail.com"]
[Date "2016.01.27"]
[Round "1"]
[White "Churrasca"]
[Black "Heiserman"]
[WhiteElo "2170"]
[BlackElo "2100"]
[Result "0-1"]
[Round "1"]
1.e4 d6
2.d4 Ng8f6
3.Nb1c3 g6
4.f4 Bf8g7
5.Ng1f3 O-O
6.Bf1d3 e5
7.dxe5 dxe5
8.Nf3xe5 Nb8d7
9.Ne5f3 Nd7c5
10.e5 Nc5xd3
11.cxd3 Nf6d7
12.Bc1e3 b6
13.O-O Nd7c5
14.d4 Nc5b7
15.Ra1c1 Nb7a5
16.b3 Bc8a6
17.Rf1e1 Ra8c8
18.d5 Qd8d7
19.Be3f2 Ba6b7
20.Nf3g5 Rc8d8
21.b4 Na5c4
22.e6 fxe6
23.Ng5xe6 Rf8f5
24.Ne6xg7 Qd7xg7
25.Bf2d4 Qg7f7
26.Qd1b3 Nc4d6
27.g3 Bb7xd5
28.Nc3xd5 Qf7xd5
29.Qb3xd5 Rf5xd5
30.Bd4c3 Kf7
31.Bc3e5 c5
32.bxc5 bxc5
33.Be5xd6 Rd8xd6
34.a4 Rd6e6
35.Re1d1 Rd5xd1
36.Rc1xd1 Ke7
37.Rd1d5 Re6c6
38.Kf2 Ke6
39.Rd5d1 Rc6a6
40.Rd1a1 Kd5
41.Ke3 Ra6e6
42.Kd3 c4
43.Kc3 Re6e3
44.Kd2 Kd4
45.Ra1d1 Re3d3
46.Kc2 Rd3xd1
47.Kxd1 Ke3
48.Kc2 Kf3
49.Kc3 h5
50.Kxc4 Kg2
51.Kb5 Kxh2
52.Ka6 Kxg3
53.Kxa7 h4
54.Kb8 h3
55.a5 h2
 { time }
0-1

[Event "Tourn. n8502"]
[Site "www.chess-mail.com"]
[Date "2016.01.27"]
[Round "1"]
[White "Terrible"]
[Black "Goosebumps"]
[WhiteElo "2290"]
[BlackElo "2180"]
[Result "1-0"]
[Round "1"]
1.d4 Ng8f6
2.Ng1f3 c5
3.c4 cxd4
4.Nf3xd4 b6
5.g3 Bc8b7
6.Nd4f3 e6
7.Bf1g2 Bf8e7
8.O-O d5
9.Nf3e5 Qd8c7
10.Qd1a4 Nb8c6
11.Ne5xc6 Bb7xc6
12.Qa4c2 Ra8c8
13.cxd5 Nf6xd5
14.Nb1c3 Nd5xc3
15.Qc2xc3 Bc6xg2
16.Qc3xg7 Rh8f8
17.Kxg2 Qc7c2
18.Bc1h6 Qc2e4
19.Kg1 Rc8c2
20.Ra1c1 Be7c5
21.Rc1xc2 Qe4xc2
22.Rf1c1 Qc2xe2
23.Rc1xc5 Qe2e1
24.Kg2  { time }
1-0

[Event "Tourn. n8569"]
[Site "www.chess-mail.com"]
[Date "2016.01.27"]
[Round "1"]
[White "Goosebumps"]
[Black "Karpawn"]
[WhiteElo "2200"]
[BlackElo "2240"]
[Result "1-0"]
[Round "1"]
1.e4 c5
2.Ng1f3 d6
3.d4 cxd4
4.Nf3xd4 Ng8f6
5.Nb1c3 g6
6.f3 Bf8g7
7.Bc1e3 O-O
8.Qd1d2  { time }
1-0

[Event "Tourn. n8537"]
[Site "www.chess-mail.com"]
[Date "2016.01.27"]
[Round "1"]
[White "Faerieking"]
[Black "Goosebumps"]
[WhiteElo "2270"]
[BlackElo "2150"]
[Result "1-0"]
[Round "1"]
1.e4 c5
2.d4 cxd4
3.c3 dxc3
4.Nb1xc3 Nb8c6
5.Ng1f3 e6
6.Bf1c4 Bf8c5
7.O-O a6
8.e5 Ng8e7
9.Nc3e4 Qd8b6
10.Ne4d6 Bc5xd6
11.exd6 Ne7f5
12.Bc4b3 Nc6a5
13.Bc1f4 Na5xb3
14.axb3 Qb6b4
15.Ra1a4 Qb4c5
16.Rf1e1 b5
17.Ra4a1 Bc8b7
18.Ra1c1 Qc5b6
19.g4 Nf5h6
20.Nf3e5 Nh6g8
21.Rc1c7 Bb7c6
22.Ne5xc6  { time }
1-0

[Event "Tourn. n8604"]
[Site "www.chess-mail.com"]
[Date "2016.01.27"]
[Round "1"]
[White "Mrfunk"]
[Black "Gatrooper"]
[WhiteElo "1499"]
[BlackElo "1650"]
[Result "1-0"]
[Round "1"]
1.e4 e5
2.Ng1f3 Nb8c6
3.Bf1b5 a6
4.Bb5a4 Nc6b4
5.Nf3xe5 Qd8f6
6.d4 Ng8h6
7.O-O c6
8.a3 b5
9.Ba4b3 d6
10.Ne5f3 Qf6g6
11.axb4 Bc8e6
12.d5 cxd5
13.Bb3xd5 Be6xd5
14.Qd1xd5 Nh6g4
15.Qd5xa8 Ke7
16.Qa8b7 Ke6
17.Nb1c3 Ng4f6
18.Nf3d4 Ke5
19.f4 { resign }
1-0

[Event "Match"]
[Site "www.echecsemail.com"]
[Date "2016.01.27"]
[Round "1"]
[White "Goosebumps"]
[Black "Irene"]
[WhiteElo "2150"]
[BlackElo "2080"]
[Result "0-1"]
[Round "1"]
1.e4 c5
2.Ng1f3 Nb8c6
3.d4 cxd4
4.Nf3xd4 g6
5.Bc1e3 Qd8a5
6.Qd1d2 Qa5xd2
7.Nb1xd2 Bf8g7
8.c3 Ng8f6
9.Bf1e2 b6
10.Nd4xc6 dxc6
11.O-O-O c5
12.Be2f3 Ra8b8
13.h4 Nf6g4
14.Nd2f1 Ng4xe3
15.Nf1xe3 Bc8e6
16.Kb1 Bg7h6
17.Ne3d5 f6
 { time }
0-1

[Event "Match"]
[Site "www.echecsemail.com"]
[Date "2016.01.27"]
[Round "1"]
[White "Ranjachess"]
[Black "Rindrandria"]
[WhiteElo "1680"]
[BlackElo "1600"]
[Result "1-0"]
[Round "1"]
1.e4 d6
2.d4 e5
3.Bc1e3 exd4
4.Qd1xd4 Nb8c6
5.Bf1b5 Ng8e7
6.Nb1c3 Bc8d7
7.Qd4c4 Nc6e5
8.Qc4b4 c5
9.Bb5xd7 Qd8xd7
10.Qb4b5 Ne7c6
11.O-O-O Qd7c7
12.Nc3d5 Qc7d7
13.Be3xc5 Bf8e7
14.Bc5d4 f6
15.f4 a6
16.Qb5b3 Ne5g4
17.Rd1d2 Nc6xd4
18.Rd2xd4 Ng4f2
19.Nd5b6 Qd7d8
20.Nb6xa8 Qd8xa8
21.Qb3g3 Nf2xh1
22.Qg3xg7 Rh8f8
23.Qg7xh7 b5
24.Qh7h4 Qa8a7
25.Ng1f3 d5
26.exd5 f5
27.Qh4e1 Rf8f7
28.Qe1xh1 Be7c5
29.Rd4d3 Bc5e3
30.Kd1 Be3xf4
31.Qh1e1 Rf7e7
32.Qe1b4 Qa7f2
33.Qb4xf4 Qf2xg2
34.Rd3e3 Qg2f1
35.Kd2 Qf1f2
36.Kd3 Re7xe3
37.Qf4xe3 Qf2xe3
38.Kxe3 Ke7
39.Kf4 Kd6
40.Kxf5 Kxd5
41.h4 a5
42.h5 a4
43.h6 Kc4
44.h7 b4
45.h8Q a3
46.Qh8d4 Kb5
47.c4 Ka6
48.Qd4c5 b3
49.Qc5b5 Ka7
50.Qb5xb3 axb2
51.c5 Ka6
52.Qb3b6 
1-0

[Event "Match"]
[Site "www.echecsemail.com"]
[Date "2016.01.27"]
[Round "1"]
[White "Tonino1"]
[Black "Chessexpert"]
[WhiteElo "2040"]
[BlackElo "1480"]
[Result "1-0"]
[Round "1"]
1.d4 d5
2.Ng1f3 c6
3.e3 Bc8f5
4.Bf1d3 e6
5.Bd3xf5 exf5
6.b3 Ng8f6
7.Bc1b2 Bf8d6
8.Nb1d2 Nf6e4
9.O-O O-O
10.Qd1e2 Rf8e8
11.Ra1c1 f4
12.Nd2xe4 dxe4
13.Nf3d2 fxe3
14.fxe3 Nb8d7
15.Qe2h5 Nd7f6
16.Qh5h4 Qd8e7
17.c4 Bd6b4
18.Rc1c2 Bb4xd2
19.Rc2xd2 Qe7e6
20.d5 cxd5
21.Bb2xf6 gxf6
22.Rf1xf6 Qe6e5
23.Rd2xd5 Qe5a1
24.Rf6f1 Qa1c3
25.Rd5g5 Kf8
26.Qh4xh7 Qc3xe3
27.Kh1 { resign }
1-0

[Event "Match"]
[Site "www.echecsemail.com"]
[Date "2016.01.27"]
[Round "1"]
[White "Elogic"]
[Black "Add"]
[WhiteElo "2059"]
[BlackElo "2010"]
[Result "1/2-1/2"]
[Round "1"]
1.Ng1f3 d5
2.g3 c6
3.d4 h6
4.Bc1f4 Bc8f5
5.Nb1c3 Nb8d7
6.e3 Ng8f6
7.Bf1d3 Nf6e4
8.Bd3xe4 dxe4
9.Nf3e5 Nd7xe5
10.Bf4xe5 e6
11.g4 Bf5g6
12.Qd1e2 f6
13.Be5f4 Bf8d6
14.Bf4xd6 Qd8xd6
15.O-O-O h5
16.f4 hxg4
17.Qe2xg4 Rh8h6
18.h4 O-O-O
19.h5 f5
20.Qg4g5 Rd8h8
21.Rd1g1 Bg6xh5
22.Qg5xg7 Rh6h7
23.Qg7e5 Qd6xe5
24.dxe5 Bh5g4
25.Rh1xh7 Rh8xh7
26.b3 b5
27.a3 Rh7h3
28.Rg1e1 Kc7
29.a4 b4
30.Nc3a2 a5
31.c3 Rh3h2
32.Kb1 { draw }
1/2-1/2

[Event "Match"]
[Site "www.echecsemail.com"]
[Date "2016.01.27"]
[Round "1"]
[White "Roque1"]
[Black "Chapi"]
[WhiteElo "1630"]
[BlackElo "2040"]
[Result "0-1"]
[Round "1"]
1.e4 c5
2.Ng1f3 Nb8c6
3.Bf1b5 g6
4.Nb1c3 Bf8g7
5.O-O d6
6.d4 cxd4
7.Bb5xc6 bxc6
8.Nf3xd4 Bc8b7
9.Bc1g5 Ng8f6
10.f4 c5
11.Bg5xf6 Bg7xf6
12.Nd4b5 Bb7a6
13.Qd1d5 Ra8b8
14.Qd5c6 Qd8d7
15.Qc6xa6 O-O
16.Nb5xa7 Rb8xb2
17.Nc3d5 Bf6d4
18.Kh1 Rb2b7
19.Na7c6 Bd4xa1
20.Nc6xe7 Kg7
21.Rf1xa1 Rf8b8
22.h3 Qd7e6
23.Ne7c6 Rb7b1
24.Kh2 Rb1xa1
25.Nc6xb8 Ra1e1
26.Nd5c3 Re1e3
27.Qa6a5 Qe6c4
28.Nc3d5 Re3xe4
29.Qa5d2 Re4d4
30.Nd5b6 Qc4b5
31.Qd2e3 Qb5xb6
32.Qe3e8 d5
33.Nb8d7 Qb6d6
34.Nd7e5 Qd6f6
35.g3 Rd4d2
36.Kg1 Rd2xc2
37.a4 d4
38.Ne5d7 Qf6d6
39.Nd7e5 Qd6e6
40.Qe8b5 Qe6a2
41.Qb5f1 c4
42.a5 d3
43.Qf1d1 Rc2b2
44.Kf1 Rb2b1
{ resign }
0-1

[Event "Match"]
[Site "www.echecsemail.com"]
[Date "2016.01.27"]
[Round "1"]
[White "Mdesouza"]
[Black "Genius7"]
[WhiteElo "2140"]
[BlackElo "1840"]
[Result "1-0"]
[Round "1"]
1.e4 c5
2.Ng1f3 Nb8c6
3.d4 cxd4
4.Nf3xd4 g6
5.Nb1c3 Bf8g7
6.Bc1e3 d6
7.f3 Ng8f6
8.Qd1d2 O-O
9.Bf1c4 a6
10.Bc4b3 Bc8d7
11.O-O-O b5
12.Be3h6 Nc6xd4
13.Bh6xg7 Nd4xb3
14.axb3 Kxg7
15.g4 Bd7c6
16.h4 Rf8h8
17.Qd2d4 Kg8
18.h5 Qd8c7
19.Qd4d2 Kg7
20.Kb1 a5
21.h6 Kf8
22.Rh1e1 a4
23.b4 a3
24.bxa3 Ra8xa3
25.Kb2 Qc7a7
26.e5 dxe5
27.Qd2d8 Nf6e8
28.Re1xe5 f6
29.Re5e6 { resign }
1-0

[Event "Match"]
[Site "www.echecsemail.com"]
[Date "2016.01.27"]
[Round "1"]
[White "Paco"]
[Black "Forest"]
[WhiteElo "1940"]
[BlackElo "1570"]
[Result "1/2-1/2"]
[Round "1"]
1.e4 d6
2.d4 Ng8f6
3.Nb1c3 g6
4.d5 Bf8g7
5.Bf1b5 c6
6.dxc6 Nb8xc6
7.Ng1f3 O-O
8.O-O Bc8d7
9.a4 a6
10.Bb5d3 Bd7g4
11.Bc1e3 Nc6e5
12.Bd3e2 Bg4xf3
13.Be2xf3 Ra8c8
14.a5 Ne5c4
15.Ra1a2 Nc4xe3
16.fxe3 Rc8c5
17.e5 Rc5xe5
18.Bf3xb7 Re5xa5
19.Qd1e2 Ra5xa2
20.Nc3xa2 a5
21.Na2c3 Qd8b6
22.Qe2a6 Qb6xa6
{ draw }
1/2-1/2

[Event "Match"]
[Site "www.echecsemail.com"]
[Date "2016.01.27"]
[Round "1"]
[White "Hundegana"]
[Black "Carazo"]
[WhiteElo "1970"]
[BlackElo "1840"]
[Result "0-1"]
[Round "1"]
1.d4 d5
2.Bc1f4 Ng8f6
3.f3 Nb8c6
4.c3 g6
5.Nb1d2 Bf8g7
6.Bf4g3 O-O
7.e3 Rf8e8
8.Bf1d3 e5
9.Ra1c1 exd4
10.Ng1e2 Re8xe3
11.Nd2f1 Re3e7
12.Kd2 Bg7h6
13.f4 Bc8g4
14.h3 Bg4h5
15.Qd1b3 Nc6a5
16.Qb3c2 Bh5xe2
17.Bd3xe2 Nf6e4
18.Kd1 Ne4c5
19.b4 Nc5e4
20.bxa5 Ne4xc3
21.Ke1 Nc3xe2
22.Rc1d1 Ne2xg3
23.Kf2 Ng3xh1
24.Kf3 Re7e4
25.g3 c6
26.Qc2g2 Nh1xg3
27.Nf1xg3 Re4e3
28.Kf2 Qd8h4
29.Rd1xd4 Bh6xf4
30.Rd4xf4 Qh4xf4
31.Kg1 Re3xg3
32.Qg2xg3 Qf4xg3
33.Kf1 Qg3xh3
34.Ke2 Ra8e8
35.Kd2 Qh3e3
36.Kc2 d4
37.a4 Qe3c3
38.Kd1 Re8e1
{ resign }
0-1

[Event "Match"]
[Site "www.echecsemail.com"]
[Date "2016.01.27"]
[Round "1"]
[White "Lyko"]
[Black "Olddog55"]
[WhiteElo "1499"]
[BlackElo "1670"]
[Result "0-1"]
[Round "1"]
1.d4 e6
2.c4 c5
3.d5 exd5
4.cxd5 d6
5.e4 Ng8f6
6.f3 Qd8e7
7.Bf1b5 Bc8d7
8.Bb5xd7 Nb8xd7
9.Ng1e2 g6
10.O-O b5
11.b3 Qe7e5
12.Nb1c3 b4
13.f4 Qe5h5
14.Ne2g3 Qh5h4
15.Qd1f3 Bf8g7
16.Bc1b2 bxc3
17.Bb2xc3 O-O
18.Ra1e1 Nf6g4
19.h3 Ng4f6
20.Re1d1 g5
21.Ng3f5 Qh4xf4
22.Nf5xg7 Kxg7
23.Qf3h5 Nd7e5
24.Rf1xf4 Nf6xh5
25.Bc3xe5 dxe5
26.Rf4g4 Kg6
27.h4 f5
28.Rg4xg5 Kh6
29.exf5 a5
30.d6 Ra8d8
31.d7 Nh5f6
32.Rd1d6 Rd8xd7
33.Rd6e6 Rd7d4
34.g3 e4
35.Re6xf6 Rf8xf6
36.g4 e3
37.Rg5g8 Rf6d6
38.g5 Kh5
39.f6 Rd4f4
40.Rg8g7 Rf4f2
 { time }
0-1

[Event "1/64 Finale"]
[Site "www.chess-mail.com"]
[Date "2016.01.27"]
[Round "1"]
[White "Osopanda"]
[Black "Maredocla"]
[WhiteElo "1920"]
[BlackElo "2080"]
[Result "1-0"]
[Round "1"]
1.d4 f5
2.c4 e6
3.Nb1c3 Bf8b4
4.a3 Bb4xc3
5.bxc3 b6
6.Ng1f3 h6
7.e3 Bc8b7
8.Bf1e2 Ng8f6
9.O-O Nf6e4
10.Qd1c2 Nb8c6
11.d5 Nc6e7
12.Nf3e5 d6
13.Be2h5 g6
14.Ne5xg6 Ne7xg6
15.Bh5xg6 Kd7
16.dxe6 Kxe6
17.f3 Qd8g5
18.fxe4 Bb7xe4
19.Bg6xf5 Be4xf5
20.e4 Qg5g4
21.exf5 Kd7
22.Rf1f4 Qg4g7
23.f6 Qg7f7
24.Qc2f5 Kd8
25.Rf4g4 Rh8e8
26.Bc1f4 Re8e6
27.Bf4xh6 Re6xf6
28.Rg4g8 Qf7xg8
29.Qf5xf6 Kc8
30.Ra1f1 Kb7
31.Qf6f3 Ka6
32.Qf3c6 Qg8h7
33.Bh6f4 Ra8f8
34.Qc6b5 Kb7
35.a4 Qh7g6
36.a5 Kc8
37.axb6 axb6
38.Qb5c6 Kb8
39.Rf1a1 { resign }
1-0

[Event "1/32 Finale"]
[Site "www.chess-mail.com"]
[Date "2016.01.27"]
[Round "1"]
[White "Yangqi"]
[Black "Attatroll"]
[WhiteElo "2650"]
[BlackElo "2000"]
[Result "1-0"]
[Round "1"]
1.e4 c5
2.d4 cxd4
3.c3 d5
4.exd5 Qd8xd5
5.cxd4 e5
6.Ng1f3 Bc8g4
7.Nb1c3 Bf8b4
8.Qd1a4 Nb8c6
9.Qa4xb4 Nc6xb4
10.Nc3xd5 Nb4xd5
11.Nf3xe5 Bg4e6
12.Bf1b5 Ke7
13.O-O Ng8f6
14.Bb5c4 Ra8c8
15.b3 Rh8d8
16.Bc1a3 Ke8
17.Bc4b5 Be6d7
18.Ne5xd7 Rd8xd7
19.Ra1c1 Kd8
20.Rc1xc8 Kxc8
21.Bb5xd7 Kxd7
22.Rf1e1 b5
23.Ba3c5 a5
24.g3 h6
25.Bc5f8 Nf6e8
26.Re1e5 Nd5c3
27.a4 bxa4
28.bxa4 Nc3xa4
29.Re5xa5 Na4b6
30.Ra5a7 Kd8
31.Ra7xf7 Nb6d7
32.Bf8xg7 Ne8xg7
33.Rf7xg7 { resign }
1-0

[Event "1/32 Finale"]
[Site "www.chess-mail.com"]
[Date "2016.01.27"]
[Round "1"]
[White "Yangqi"]
[Black "Hennie4820"]
[WhiteElo "2640"]
[BlackElo "2030"]
[Result "1-0"]
[Round "1"]
1.e4 c5
2.f4 Nb8c6
3.Nb1c3 e6
4.Ng1f3 d6
5.Bf1c4 Ng8f6
6.d3 a6
7.Bc4b3 Bf8e7
8.O-O Qd8c7
9.Qd1e1 O-O
10.a4 Ra8b8
11.Qe1g3 b5
12.axb5 axb5
13.e5 Nf6d5
14.Bb3xd5 exd5
15.Nc3xd5 Qc7d7
16.f5 dxe5
17.f6 g6
18.fxe7 Rf8e8
19.Nd5f6 { resign }
1-0

[Event "Eq:Los Tercios-Equipo Juan Diaz : "]
[Site "www.chess-mail.com"]
[Date "2016.01.27"]
[Round "1"]
[White "Goosebumps"]
[Black "Naujzaid"]
[WhiteElo "2150"]
[BlackElo "2050"]
[Result "0-1"]
[Round "1"]
1.e4 c5
2.Ng1f3 d6
3.b3 Ng8f6
4.Nb1c3 e6
5.d4 cxd4
6.Nf3xd4 a6
7.Bc1b2 Qd8a5
8.Bf1d3 Bf8e7
9.O-O O-O
10.h3 b5
11.Qd1f3 Bc8b7
12.Rf1e1 Nb8d7
13.a4 b4
14.Nc3d1 Nd7e5
15.Qf3e3 Ne5xd3
16.cxd3 Ra8c8
17.Ra1c1 Rc8xc1
18.Qe3xc1 Rf8c8
 { time }
0-1

[Event "Eq:Los Tercios-Equipo Juan Diaz : "]
[Site "www.chess-mail.com"]
[Date "2016.01.27"]
[Round "1"]
[White "Naujzaid"]
[Black "Goosebumps"]
[WhiteElo "2050"]
[BlackElo "2150"]
[Result "1-0"]
[Round "1"]
1.d4 d5
2.c4 dxc4
3.Ng1f3 Ng8f6
4.e3 b6
5.Bf1xc4 e6
6.O-O Bc8b7
7.Nb1c3 Bf8d6
8.Bc4d3 c5
9.dxc5 Bd6xc5
10.Bd3b5 Nb8d7
11.Nf3e5 a6
12.Bb5xd7 Nf6xd7
13.Ne5xd7 Qd8xd7
14.Qd1g4 O-O
15.Rf1d1 Qd7c6
16.e4 Kh8
17.Bc1g5  { time }
1-0

[Event "Tourn. n8528"]
[Site "www.chess-mail.com"]
[Date "2016.01.28"]
[Round "1"]
[White "Yangqi"]
[Black "Lino"]
[WhiteElo "2600"]
[BlackElo "2390"]
[Result "1-0"]
[Round "1"]
1.e4 c5
2.Nb1c3 Nb8c6
3.f4 e6
4.Ng1f3 d5
5.Bf1b5 Ng8e7
6.exd5 exd5
7.Qd1e2 g6
8.Qe2e3 Qd8d6
9.d4 Bf8g7
10.dxc5 Qd6d8
11.Qe3f2 O-O
12.O-O Bc8g4
13.Nf3e5 Bg4e6
14.Rf1e1 Nc6xe5
15.fxe5 Ne7c6
16.Bc1f4 f6
17.Bb5xc6 bxc6
18.Qf2d4 Be6f5
19.exf6 Bg7xf6
20.Qd4d2 Rf8f7
21.Ra1c1 Bf6g7
22.Nc3d1 Bf5e4
23.Nd1f2 Qd8f6
24.g3 Qf6xb2
25.Nf2xe4 dxe4
26.Re1xe4 Qb2xa2
27.Rc1e1 Bg7c3
28.Qd2xc3  { time }
1-0

[Event "Tourn. n8569"]
[Site "www.chess-mail.com"]
[Date "2016.01.28"]
[Round "1"]
[White "Karpawn"]
[Black "Loper10"]
[WhiteElo "2240"]
[BlackElo "2620"]
[Result "0-1"]
[Round "1"]
1.e4 e6
2.d4 d5
3.e5 c5
4.c3 Nb8c6
5.Ng1f3 Bc8d7
6.Bf1e2 Ng8e7
7.Nb1a3 cxd4
 { time }
0-1

[Event "Tourn. n8527"]
[Site "www.chess-mail.com"]
[Date "2016.01.28"]
[Round "1"]
[White "Emiondi"]
[Black "Goosebumps"]
[WhiteElo "2199"]
[BlackElo "2190"]
[Result "1-0"]
[Round "1"]
1.d4 Ng8f6
2.c4 g6
3.Nb1c3 d5
4.Ng1f3 Bf8g7
5.Qd1b3 dxc4
6.Qb3xc4 O-O
7.e4 a6
8.Bf1e2 b5
9.Qc4d3 Bc8b7
10.e5 Nf6d7
11.O-O c5
12.Bc1f4 Nb8c6
13.dxc5 Nd7xc5
14.Qd3xd8 Rf8xd8
15.a3 e6
16.Rf1e1 Ra8c8
17.Ra1d1  { time }
1-0

[Event "Tourn. n8495"]
[Site "www.chess-mail.com"]
[Date "2016.01.28"]
[Round "1"]
[White "Genius7"]
[Black "Umzi"]
[WhiteElo "2000"]
[BlackElo "2210"]
[Result "1/2-1/2"]
[Round "1"]
1.e4 d5
2.exd5 Qd8xd5
3.d4 Nb8c6
4.Ng1f3 Bc8g4
5.Bf1e2 O-O-O
6.c4 Qd5d7
7.d5 Bg4xf3
8.Be2xf3 Nc6e5
9.Qd1e2 Ne5xf3
10.Qe2xf3 e5
11.O-O h6
12.Nb1c3 a6
13.a3 f5
14.Qf3e3 g5
15.Qe3a7 c6
16.Bc1e3 c5
17.Be3xc5 Bf8xc5
18.Qa7xc5 Kb8
19.Qc5e3 e4
20.f3 Ng8f6
21.fxe4 f4
22.Qe3d4 Nf6g4
23.Rf1e1 Ng4e3
24.Qd4d2 Ne3xc4
25.Qd2c2 Rh8f8
26.Qc2e2 Nc4e5
27.Re1f1 g4
28.Qe2d2 Ne5c4
29.Qd2c2 Nc4e3
30.Qc2d3 Ne3xf1
31.Ra1xf1 Qd7g7
32.b4 f3
33.Nc3a4 fxg2
34.Qd3g3 Qg7c7
35.Qg3xg2 Rf8xf1
36.Qg2xf1 h5
37.Na4c5 Qc7e5
38.Qf1f7 Qe5d4
{ draw }
1/2-1/2

[Event "Tourn. n8537"]
[Site "www.chess-mail.com"]
[Date "2016.01.28"]
[Round "1"]
[White "Goosebumps"]
[Black "Raven16"]
[WhiteElo "2150"]
[BlackElo "2010"]
[Result "0-1"]
[Round "1"]
1.e4 e5
2.Nb1c3 Ng8f6
3.f4 Nb8c6
4.Ng1f3 d6
5.Bf1c4 Bc8g4
6.h3 Bg4xf3
7.Qd1xf3 Nc6d4
8.Qf3d3 Bf8e7
9.fxe5 dxe5
10.Nc3e2 O-O
11.Ne2xd4 Qd8xd4
12.Qd3xd4 exd4
13.d3 Be7b4
14.Ke2 Bb4d6
15.Bc1d2 Nf6h5
16.Kd1 Kh8
17.g4 Nh5f4
18.c3 dxc3
 { time }
0-1

[Event "Tourn. n8528"]
[Site "www.chess-mail.com"]
[Date "2016.01.28"]
[Round "1"]
[White "Lino"]
[Black "Seger"]
[WhiteElo "2350"]
[BlackElo "2760"]
[Result "0-1"]
[Round "1"]
1.e4 c5
2.c3 Ng8f6
3.e5 Nf6d5
4.Ng1f3 d6
5.d4 cxd4
6.cxd4 Nb8c6
7.Bf1c4 Nd5b6
8.Bc4b5 dxe5
9.Nf3xe5 Bc8d7
10.Ne5xd7 Qd8xd7
11.Nb1c3 e6
12.O-O Ra8d8
13.Bc1e3 Bf8e7
14.Qd1b3 O-O
15.Rf1d1 Nb6d5
16.Nc3xd5 Qd7xd5
17.Qb3xd5 Rd8xd5
18.Bb5xc6 bxc6
19.Rd1c1 Rf8c8
20.b3 Kf8
21.Rc1c4 Rd5a5
 { time }
0-1

[Event "Tourn. n8553"]
[Site "www.chess-mail.com"]
[Date "2016.01.28"]
[Round "1"]
[White "Tonino1"]
[Black "Genius7"]
[WhiteElo "2070"]
[BlackElo "2160"]
[Result "1/2-1/2"]
[Round "1"]
1.d4 d5
2.Ng1f3 Ng8f6
3.e3 Bc8g4
4.Bf1d3 e6
5.b3 Bf8d6
6.Bc1b2 O-O
7.Nb1d2 Nb8d7
8.O-O Qd8e7
9.h3 Bg4xf3
10.Nd2xf3 c5
11.Nf3e5 a6
12.f4 b5
13.g4 Nd7b6
14.g5 Nf6d7
15.Qd1h5 f5
16.Kh1 Qe7e8
17.Qh5f3 c4
18.Bd3e2 Ra8c8
19.c3 Qe8e7
20.h4 { draw }
1/2-1/2

[Event "Tourn. n8574"]
[Site "www.chess-mail.com"]
[Date "2016.01.28"]
[Round "1"]
[White "Battlechess"]
[Black "Duff"]
[WhiteElo "1620"]
[BlackElo "1740"]
[Result "1/2-1/2"]
[Round "1"]
1.c4 Ng8f6
2.Nb1c3 g6
3.d4 Bf8g7
4.e4 d6
5.f4 Bc8g4
6.Bf1e2 Bg4xe2
7.Ng1xe2 Nb8d7
8.O-O e6
9.Ne2g3 O-O
10.h3 c5
11.d5 exd5
12.exd5 Rf8e8
13.Qd1c2 Ra8b8
14.Bc1d2 Qd8c7
15.Ra1e1 a6
16.Re1xe8 Rb8xe8
17.Rf1e1 Re8xe1
18.Bd2xe1 { draw }
1/2-1/2